000 01279nam a2200265 a 4500
001 000882058
003 AM-YeHGA
005 20250617145324.0
008 120405s1823 ||| r 000 0 rus d
040 _aAM-YeHGA
041 0 _arus
100 1 _aДмитриев, Иван Иванович,
_d1760-1837
245 1 0 _aСтихотворения Ивана Ивановича Дмитриева /
_cИ.И. Дмитриева.
250 _a6-е изд. испр. и уменьшенное
260 _aСанктпетербург :
_bВ типографии Н. Греча,
_c1823.
300 _cчасть
500 _aИзд., по предложению автора, Вольное о-во любителей рос. словесности с условием, что деньги, вырученные от продажи книг, будут использованы в благотворительных целях.
500 _aПодстроч. примеч. авт.
500 _aПортр. И.И. Дмитриева по рис. Н.И. Тончи.
500 _aЛитогр. В.И. Погонкина.
505 1 0 _gЧ. 1 (1823, 150 c., портр.)
653 0 _aРусская поэзия 18-19 вв.
942 _2udc
_cBK
090 _c311552
999 _c309837
_d309837